Catalog

Record Details

Catalog Search



Long live the Pumpkin Queen  Cover Image Book Book

Long live the Pumpkin Queen / Shea Ernshaw.

Ernshaw, Shea, (author.).

Summary:

Saddled with queenly duties after marrying her one true love, Sally Skellington wonders if she traded one captivity for another until she finds a long-hidden doorway to an ancient realm putting everything into perspective. Sally Skellington is the official, newly-minted Pumpkin Queen after a whirlwind courtship with her true love, Jack, who Sally adores with every inch of her fabric seams -- if only she could say the same for her new role as Queen of Halloween Town. Cast into the spotlight and tasked with all sorts of queenly duties, Sally can't help but wonder if all she's done is trade her captivity under Dr. Finkelstein for a different cage. But when Sally and Zero accidentally uncover a long-hidden doorway to an ancient realm called Dream Town in the forest Hinterlands, she'll unknowingly set into motion a chain of sinister events that put her future as Pumpkin Queen, and the future of Halloween Town itself, into jeopardy. Can Sally discover what it means to be true to herself and save the town she's learned to call home, or will her future turn into her worst... well, nightmare?

Record details

  • ISBN: 9781368069601
  • ISBN: 1368069606
  • Physical Description: 315 pages ; 22 cm.
  • Edition: First hardcover edition.
  • Publisher: Los Angeles : Disney Press, 2022.
Subject: Halloween > Juvenile fiction.
Queens > Juvenile fiction.
Dreams > Juvenile fiction.
Genre: Young adult fiction.
Fantasy fiction.
Horror fiction.
Novels.

Available copies

  • 1 of 1 copy available at scottsboropl.

Holds

  • 0 current holds with 1 total copy.
Show Only Available Copies
Location Call Number / Copy Notes Barcode Shelving Location Status Due Date
scottsboropl Ya Ern 32269001224941 Young Adult - Fiction Available -

LDR 03358cam a2200601 i 4500
001159183
003SBPL
00520220921112118.0
008220725s2022 cau d 000 1 eng d
010 . ‡a 2021949322
020 . ‡a9781368069601 ‡q(hardcover)
020 . ‡a1368069606 ‡q(hardcover)
035 . ‡a(OCoLC)1337057737
05014. ‡aPZ7.1.E755 ‡bLo 2022
08204. ‡a[Fic] ‡223/eng/20220719
1001 . ‡aErnshaw, Shea, ‡eauthor.
24510. ‡aLong live the Pumpkin Queen / ‡cShea Ernshaw.
250 . ‡aFirst hardcover edition.
264 1. ‡aLos Angeles : ‡bDisney Press, ‡c2022.
300 . ‡a315 pages ; ‡c22 cm.
336 . ‡atext ‡btxt ‡2rdacontent
337 . ‡aunmediated ‡bn ‡2rdamedia
338 . ‡avolume ‡bnc ‡2rdacarrier
520 . ‡aSaddled with queenly duties after marrying her one true love, Sally Skellington wonders if she traded one captivity for another until she finds a long-hidden doorway to an ancient realm putting everything into perspective. Sally Skellington is the official, newly-minted Pumpkin Queen after a whirlwind courtship with her true love, Jack, who Sally adores with every inch of her fabric seams -- if only she could say the same for her new role as Queen of Halloween Town. Cast into the spotlight and tasked with all sorts of queenly duties, Sally can't help but wonder if all she's done is trade her captivity under Dr. Finkelstein for a different cage. But when Sally and Zero accidentally uncover a long-hidden doorway to an ancient realm called Dream Town in the forest Hinterlands, she'll unknowingly set into motion a chain of sinister events that put her future as Pumpkin Queen, and the future of Halloween Town itself, into jeopardy. Can Sally discover what it means to be true to herself and save the town she's learned to call home, or will her future turn into her worst... well, nightmare?
650 0. ‡aHalloween ‡vJuvenile fiction.
650 0. ‡aQueens ‡vJuvenile fiction.
650 0. ‡aDreams ‡vJuvenile fiction.
655 0. ‡aYoung adult fiction.
655 7. ‡aFantasy fiction. ‡2lcgft
655 7. ‡aHorror fiction. ‡2lcgft
655 7. ‡aNovels. ‡2lcgft
7300 . ‡iBased on (manifestation): ‡aTim Burton's The nightmare before Christmas (Motion picture)
901 . ‡a159183 ‡b ‡c159183 ‡tbiblio

Additional Resources